000 00544cam a2200205 4500
001 J110284
008 000000n2000 000 0 eng u
035 _a(Sirsi) u110284
050 _a333.337
110 _aChesterton
_92357
245 _aDistribution property: The road ahead.
260 _aLondon
_bChesterton
_c2000
300 _a28p. ; 21cm.
650 _aDISTRIBUTION PROPERTY
650 _aTRANSPORT
650 _aWAREHOUSING
650 _aPROPERTY-COMMERCIAL PROPERTY
690 _aTRANSPORT AND COMMUNICATIONS
942 _n0
999 _c101086
_d101086